000 00556nam a22002177a 4500
003 OSt
005 20260429104944.0
008 260429b |||||||| |||| 00| 0 eng d
020 _a978-0-099-54948-2
040 _cSBCL
082 _a823
_bLEE-T
100 _aLee, Harper
245 _aTo Kill a Mockingbird
250 _a65th Anniversary ed.
260 _aLondon
_bPenguin Random House
_c2025
300 _a309p.
630 _xLiterature & rhetoric
650 _aEnglish & Old English literatures
650 _a English fiction
942 _cBOOK
999 _c138092
_d138092